Visualizzazione normale
Vista MARC
- Le Begue Nicolas
di Personal Name
Records bibliografici associati: 1
001 - CONTROL NUMBER
- control field: 11924
003 - CONTROL NUMBER IDENTIFIER
- control field: IT-RoPau
005 - DATE AND TIME OF LATEST TRANSACTION
- control field: 20140201224713.0
008 - FIXED-LENGTH DATA ELEMENTS
- fixed length control field: 140201|| aca||aabn | a|a d
040 ## - CATALOGING SOURCE
- Original cataloging agency: IT-RoPau
- Transcribing agency: IT-RoPau
100 ## - HEADING--PERSONAL NAME
- Personal name: Le Begue Nicolas
- Dates associated with a name: Codice autore musica SPICS: 8106
- Relator term: Autore musica
- Name of part/section of a work: Les bourgeoises de chatre - Les cloches
670 ## - SOURCE DATA FOUND
- Source citation: Work cat.: (IT-RoPau)100033: AA.VV. 794, Musiche natalizie per organo